| 000 | 00367nam a2200157Ia 4500 | ||
|---|---|---|---|
| 003 | LK-CoDNM | ||
| 008 | 010623t1996 xxu||||| |||| 00| 1 eng d | ||
| 040 |
_aLK-CoDNM _dLK-CoDNM _eLK-CoDNM |
||
| 041 | _aeng | ||
| 080 | _ax954.37 | ||
| 100 | _aMendis,G.C. | ||
| 245 | _aThe Pali Chronicles of Sri Lanka | ||
| 260 |
_b _c1996 |
||
| 300 | _b117p, 21 cm | ||
| 942 | _cBK | ||
| 999 |
_c117549 _d117549 |
||